National Conference on Research and Teaching in Criminology / 3

Gespeichert in:  
Bibliographische Detailangaben
Medienart: Druck Buch
Sprache:Nichtbestimmte Sprache
Veröffentlicht: 1968
In: National Conference on Research and Teaching in Criminology
Jahr: 1968
Bestand in Tübingen:In Tübingen vorhanden.
UB: KB 1 B 73-3
Verfügbarkeit prüfen: HBZ Gateway
Subito Bestelldienst: Jetzt bestellen.

MARC

LEADER 00000cam a22000002cc4500
001 1397935677
003 DE-627
005 20220529103103.0
007 tu
008 100819s1968 xx ||||| 00| ||und c
035 |a (DE-627)1397935677 
035 |a (DE-576)327935677 
035 |a (DE-599)BSZ327935677 
040 |a DE-627  |b ger  |c DE-627  |e rakwb 
245 0 0 |a National Conference on Research and Teaching in Criminology  |n 3 
264 1 |c 1968 
336 |a Text  |b txt  |2 rdacontent 
337 |a ohne Hilfsmittel zu benutzen  |b n  |2 rdamedia 
338 |a Band  |b nc  |2 rdacarrier 
773 1 8 |a National Conference on Research and Teaching in Criminology  |w (DE-627)168290154  |w (DE-576)016025520  |w (DE-600)721549-6  |g 3  |q 1968,3  |7 nnas 
935 |h SWB  |i vSatz 
951 |a JV 
ELC |b 1 
LOK |0 000 xxxxxcx a22 zn 4500 
LOK |0 001 2645645054 
LOK |0 003 DE-627 
LOK |0 004 1397935677 
LOK |0 005 20100819123240 
LOK |0 008 100819||||||||||||||||ger||||||| 
LOK |0 040   |a DE-21  |c DE-627  |d DE-21 
LOK |0 852   |a DE-21 
LOK |0 852 1  |c KB 1 B 73-3  |9 00 
LOK |0 935   |a konv  |a krim 
LOK |0 936ln  |a k1.5 
LOK |0 939   |a 19-08-10  |b l01 
ORI |a SA-MARC-krimdoka001.raw 
SIG |a UB: KB 1 B 73-3